Normal view MARC view

Entry Topical Term

Number of records used in: 1

001 - CONTROL NUMBER

  • control field: 6765

003 - CONTROL NUMBER IDENTIFIER

  • control field: OSt

005 - DATE AND TIME OF LATEST TRANSACTION

  • control field: 20120917192642.0

008 - FIXED-LENGTH DATA ELEMENTS

  • fixed length control field: 120917|||a|||||| | ||| d

040 ## - CATALOGING SOURCE

  • Original cataloging agency: OSt
  • Transcribing agency: OSt

150 ## - HEADING--TOPICAL TERM

  • Topical term or geographic name as entry element: Student support and benefits hand book

670 ## - SOURCE DATA FOUND

  • Source citation: Work cat.: (OSt): Malcolm, David 6764, student support and benefits hand book : , 2010